Cuentos para dormir a un elefante / (Record no. 157041)

MARC details
000 -CABECERA
campo de control de longitud fija 00737nam a2200241 u 4500
005 - FECHA Y HORA DE LA ÚLTIMA TRANSACCIÓN
campo de control 20240529063635.0
008 - ELEMENTOS DE LONGITUD FIJA--INFORMACIÓN GENERAL
campo de control de longitud fija 120611s2008 cl r 000 0 spa d
020 ## - NÚMERO INTERNACIONAL NORMALIZADO PARA LIBROS
Número Internacional Estándar del Libro 9789580510390
035 ## - NÚMERO DE CONTROL DEL SISTEMA
Número de control de sistema UPN01000184938
049 ## - COLECCIÓN
Colección I
050 #4 - SIGNATURA TOPOGRÁFICA DE LA BIBLIOTECA DEL CONGRESO
Número de clasificación PZ76.3
Número de documento/Ítem H4.3 2008
100 1# - ASIENTO PRINCIPAL--NOMBRE PERSONAL
Nombre de persona Hernández Barrios, Mildre,
Fechas asociadas al nombre 1972-
9 (RLIN) 32436
245 10 - MENCIÓN DE TÍTULO
Título Cuentos para dormir a un elefante /
Mención de responsabilidad, etc. Mildre Hernández Barrios ; il Carlos Díaz Consuegra.
250 ## - MENCIÓN DE EDICIÓN
Mención de edición 2a ed.
260 ## - PUBLICACIÓN, DISTRIBUCIÓN, ETC.
Lugar de publicación, distribución, etc. Bogotá :
Nombre del editor, distribuidor, etc. Educar,
Fecha de publicación, distribución, etc. 2008.
300 ## - DESCRIPCIÓN FÍSICA
Extensión 62 p. :
Otras características físicas il.
440 #0 - MENCIÓN DE SERIE/ASIENTO SECUNDARIO--TÍTULO
Título Alas de papel
586 ## - NOTA DE PREMIOS
Nota de premios Premio Pinos Nuevos, 1999
650 #4 - ASIENTO SECUNDARIO DE MATERIA - TERMINO TEMATICO
Término de materia o nombre geográfico como elemento de entrada CUENTOS INFANTILES CUBANOS
9 (RLIN) 11212
650 #4 - ASIENTO SECUNDARIO DE MATERIA - TERMINO TEMATICO
Término de materia o nombre geográfico como elemento de entrada Elefantes
Subdivisión de forma Cuentos y leyendas
9 (RLIN) 9255
905 ## - TIPO DE MATERIAL
Tipo de material Infantil
Holdings
Estado de retiro Estado de pérdida Fuente del sistema de clasificación o colocación Estado dañado No para préstamo Código de colección Localización permanente Ubicación/localización actual Ubicación en estantería Fecha de adquisición Total de préstamos Clasificación Código de barras Fecha visto por última vez Número de copia Tipo de ítem Koha
    Library of Congress Classification     Infantil Bib. Gregorio Torres Quintero Bib. Gregorio Torres Quintero Sala infantil Planta baja 10/05/2023 1 PZ76.3 H4.3 2008 283638 31/12/2020 1 Libro